Diplomatie et diplomate : (Record no. 5246)
[ view plain ]
| 000 -LEADER | |
|---|---|
| fixed length control field | 01474cam a2200385Mi 4500 |
| 001 - CONTROL NUMBER | |
| control field | ocn690402144 |
| 003 - CONTROL NUMBER IDENTIFIER | |
| control field | OCoLC |
| 005 - DATE AND TIME OF LATEST TRANSACTION | |
| control field | 20200206165247.0 |
| 008 - FIXED-LENGTH DATA ELEMENTS--GENERAL INFORMATION | |
| fixed length control field | 100506s2010 fr a f b 000 0 fre d |
| 016 7# - NATIONAL BIBLIOGRAPHIC AGENCY CONTROL NUMBER | |
| Record control number | FRBNF421559380000008 |
| Source | FrPBN |
| 020 ## - INTERNATIONAL STANDARD BOOK NUMBER | |
| International Standard Book Number | 9782296104709 |
| Qualifying information | (br) |
| 020 ## - INTERNATIONAL STANDARD BOOK NUMBER | |
| International Standard Book Number | 2296104703 |
| Qualifying information | (br) |
| 035 ## - SYSTEM CONTROL NUMBER | |
| System control number | (OCoLC)690402144 |
| 040 ## - CATALOGING SOURCE | |
| Original cataloging agency | ZWZ |
| Language of cataloging | fre |
| Description conventions | ncafnor |
| Transcribing agency | TZ-ArACH |
| Modifying agency | OCLCQ |
| -- | LVB |
| -- | BDF |
| -- | OCLCQ |
| 049 ## - LOCAL HOLDINGS (OCLC) | |
| Holding library | TZAA |
| 050 ## - LIBRARY OF CONGRESS CALL NUMBER | |
| Classification number | DT31 |
| Item number | .S26 2010 |
| 082 04 - DEWEY DECIMAL CLASSIFICATION NUMBER | |
| Classification number | 327.6 |
| Edition number | 22 |
| 100 1# - MAIN ENTRY--PERSONAL NAME | |
| Personal name | Sanga, Guy Ernest, |
| Relator term | Auteur. |
| 245 10 - TITLE STATEMENT | |
| Title | Diplomatie et diplomate : |
| Medium | [Texte imprimé] : |
| Remainder of title | l'Afrique et le système des relations internationales / |
| Statement of responsibility, etc | Guy Ernest Sanga ; [préface de Shanda Tonme ; postface de Dom Herv�e Courrau]. |
| 260 ## - PUBLICATION, DISTRIBUTION, ETC. (IMPRINT) | |
| Place of publication, distribution, etc | Paris : |
| Name of publisher, distributor, etc | L'Harmattan, |
| Date of publication, distribution, etc | DL 2010. |
| 300 ## - PHYSICAL DESCRIPTION | |
| Extent | 1 v. (152 p.) : |
| Other physical details | couv. ill. ; |
| Dimensions | 22 cm. |
| 490 1# - SERIES STATEMENT | |
| Series statement | Études africaines |
| 504 ## - BIBLIOGRAPHY, ETC. NOTE | |
| Bibliography, etc | Bibliogr. p. 145-150. |
| 650 #6 - SUBJECT ADDED ENTRY--TOPICAL TERM | |
| Topical term or geographic name as entry element | Diplomatie. |
| 650 #7 - SUBJECT ADDED ENTRY--TOPICAL TERM | |
| Topical term or geographic name as entry element | Diplomates |
| Geographic subdivision | Afrique noire. |
| Source of heading or term | ram |
| 650 #7 - SUBJECT ADDED ENTRY--TOPICAL TERM | |
| Topical term or geographic name as entry element | Diplomacy |
| 651 #6 - SUBJECT ADDED ENTRY--GEOGRAPHIC NAME | |
| Geographic name | Afrique |
| General subdivision | Relations extérieures. |
| 651 #7 - SUBJECT ADDED ENTRY--GEOGRAPHIC NAME | |
| Geographic name | Afrique noire |
| General subdivision | Relations extérieures. |
| Source of heading or term | ram |
| 651 #7 - SUBJECT ADDED ENTRY--GEOGRAPHIC NAME | |
| Geographic name | Africa |
| General subdivision | Foreign relation |
| 700 1# - ADDED ENTRY--PERSONAL NAME | |
| Personal name | Shanda Tonme, Jean-Claude, |
| Dates associated with a name | (1954- ...)., |
| Relator term | Préface. |
| 700 1# - ADDED ENTRY--PERSONAL NAME | |
| Personal name | Courrau, Hervé, |
| Relator term | Postface. |
| 830 #0 - SERIES ADDED ENTRY--UNIFORM TITLE | |
| Uniform title | Études africaines (Paris. 1996) |
| 9 (RLIN) | 11749 |
| 856 42 - ELECTRONIC LOCATION AND ACCESS | |
| Materials specified | Notice et cote du catalogue de la Bibliothèque nationale de France |
| Uniform Resource Identifier | <a href="http://catalogue.bnf.fr/ark:/12148/cb42155938b">http://catalogue.bnf.fr/ark:/12148/cb42155938b</a> |
| 942 ## - ADDED ENTRY ELEMENTS (KOHA) | |
| Source of classification or shelving scheme | Library of Congress Classification |
| Koha item type | Books |
| Home library | Current library | Date acquired | Full call number | Barcode | Koha item type |
|---|---|---|---|---|---|
| African Court on Human and Peoples' Rights Library | African Court on Human and Peoples' Rights Library | 06/02/2020 | DT31 .S26 2010 | 10212310 | Books |
| African Court on Human and Peoples' Rights Library | African Court on Human and Peoples' Rights Library | 06/02/2020 | DT31 .S26 2010 | 10212353 | Books |
